Ley de defensa del consumidor : comentada y anotada. Tomo I /
Guardado en:
| Autor Principal: | |
|---|---|
| Formato: | Libro |
| Idioma: | Spanish |
| Publicado: |
Buenos Aires :
La Ley,
2009
|
| Edición: | 1a. ed. |
| Materias: | |
| Etiquetas: |
Agregar Etiqueta
Sin Etiquetas, Sea el primero en etiquetar este registro!
|
| LEADER | 00608nam a22001695a 4500 | ||
|---|---|---|---|
| 001 | DER.der008521 | ||
| 008 | 180615s2009####|||||||||||||||||#||spa|| | ||
| 005 | 20251223134909.0 | ||
| 245 | 1 | 0 | |a Ley de defensa del consumidor : |b comentada y anotada. |n Tomo I / |c dirigido por Sebastián Picasso y Roberto A. Vázquez Ferreyra. |
| 250 | |a 1a. ed. | ||
| 260 | |a Buenos Aires : |b La Ley, |c 2009 | ||
| 300 | |a 977 p. | ||
| 500 | |a Arts. 1 a 66. Con prólogo de Atilio Aníbal Alterini. | ||
| 020 | |a 9789870314790 | ||
| 100 | 1 | |a Picasso, Sebastián | |
| 653 | |a DERECHO DEL CONSUMIDOR | ||
| 859 | |a DERECHO |b BIB. DERECHO |h 343.071 |i PIC |p 006132 | ||
